Trendy a vývoj maloobchdoných tržieb na Slovensku

Analýza maloobchodu v podmienkach slovenskej ekonomiky prostredníctvom vybraných ukazovateľov maloobchodných tržieb. Spotrebiteľské správanie a maloobchodné tržby.

Na minha lista:
Detalhes bibliográficos
Autor principal: Gontkovičová, Barbora, 1986-
Outros Autores: Pavlík, Martin
Formato: Capítulo de Livro
Idioma:eslovaco
Assuntos:
Tags: Adicionar Tag
Sem tags, seja o primeiro a adicionar uma tag!

MARC

LEADER 00000naa a2200000 4500
001 0252291
005 20240502074038.3
041 0 |a slo 
044 |a SK 
245 1 0 |a Trendy a vývoj maloobchdoných tržieb na Slovensku  |c Barbora Gontkovičová, Martin Pavlík 
520 |a Analýza maloobchodu v podmienkach slovenskej ekonomiky prostredníctvom vybraných ukazovateľov maloobchodných tržieb. Spotrebiteľské správanie a maloobchodné tržby. 
610 2 0 |a Slovensko 
610 2 0 |a siete maloobchodné 
610 2 0 |a hypermarkety 
610 2 0 |a analýza ekonomická 
610 2 0 |a maloobchod 
610 2 0 |a tržby 
100 1 |a Gontkovičová, Barbora, 1986- 
700 1 |a Pavlík, Martin